000 01056cam a2200313 a 4500
001 15718545
003 OSt
005 20150408113952.0
008 111203r20091996enk b 001 0 eng d
010 _a 2009290789
015 _aGBA8C8298
_2bnb
016 7 _a014799429
_2Uk
020 _a9780199538508 (pbk.)
035 _a(OCoLC)ocn271771870
040 _aUKM
_cUKM
_dBTCTA
_dYDXCP
_dDLC
042 _alccopycat
050 0 0 _aPR4742
_b.H96 2009
082 0 0 _a821.8 H T S
_222
100 1 _aHardy, Thomas,
_d1840-1928.
_94203
245 1 0 _aSelected poetry /
_cThomas Hardy ; edited with an introduction and notes by Samuel Hynes.
260 _aOxford ;
_aNew York :
_bOxford University Press,
_c[2009]
300 _axxvii, 266 p. ;
_c20 cm.
440 0 _aOxford world's classics
_96792
504 _aIncludes bibliographical references (p. [251]-252) and index.
700 1 _aHynes, Samuel Lynn.
_96863
906 _a7
_bcbc
_ccopycat
_d2
_encip
_f20
_gy-gencatlg
942 _2ddc
_cDVD
999 _c19127
_d253627